1162 1593 1245 1151 1073 1087 1532 1740 1782 1465 1462 1420 1744 1768 1603 1414 1123 1387 1773 1467 1845 1818 1340 1611 1455 1579 1941 1453 1465 1638 1942 1834 1058 1433 1759 1678 1456 1981 1052 1920 1667 1424 1497 1292 1098 1029 1982 1106 1083 1872 1440 1446 1043 1693 1017 1603 1110 1292 1906 1569 1515 1045 1461 1538 1691 1387 1959 1027 1259 1097 1332 1962 1729 1049 1839 1638 1216 1852 1834 1221 1800 1656 1441 1760 1403 1978 1559 1178 1193 1921 1846 1386 1241 1739 1628 1601 1568 1184 1940 BCNSPRNW ULIB Ver.6.0+V

เปลี่ยนเป็นภาษาไทย

Change to English
 แสดงรายละเอียดบรรณานุกรม
  กลับหน้าหลัก

Brief Record : Get Marc (ISO 2709) : E-mail record : QR code < ปิดหน้าต่าง
LEADER : 00000nam 2200000uu 4500
001    13399120497
003     ULIB
008    120921s2552||||th 000 0 tha d
020    ^a9786117036019
041 1  ^atha^heng
060 04 ^aWB885^bอ431พ 2552
100 1  ^aทอสคาร์, อเล็กซานเดอร์
245 10 ^aพลังจิตรักษาโรค /^cAlexander Toskar, เขียน ; เฉิดฉวี แสงจันทร์, แปล ; จักรกฤษณ์ ภูมิสวัสดิ์, เรียบเรียง
250    ^aพิมพ์ครั้งที่ 1
260    ^aกรุงเทพฯ :^bดีเอ็มจี,^c2552
300    ^a195 หน้า :^bภาพประกอบ ;^c23 ซม.
650  7 ^aการรักษาด้วยพลังจิต
650  7 ^aพลังจิต
700 0  ^aเฉิดฉวี แสงจันทร์,^eผู้แปล
700 0  ^aจักรกฤษณ์ ภูมิสวัสดิ์
700 1  ^aToskar, Alexander
945    ^p185^l0^i16186
995    ^aกัณชพร
999 ^a ใช้งานได้ทุกระบบ
รายการนี้ยังไม่มีแท็ก
คุณยังไม่ได้ล็อกอิน คุณสามารถมีกิจกรรมร่วมกับเว็บไซต์ได้ แต่ต้องล็อกอินก่อน ::
  ล็อกอิน

รายการสื่อสารสนเทศ

ลำดับที่ ประเภท เลขเรียก/บาร์โค้ด สถานที่ สถานะ
- ไม่พบข้อมูล -

รายการใกล้เคียง
    ผู้แต่ง [ทอสคาร์, อเล็กซานเดอร์]

    หัวเรื่อง [การรักษาด้วยพลังจิต]
    หัวเรื่อง [พลังจิต]

BibComment


ยังไม่เคยถูกคอมเมนท์

คอมเมนท์ทรัพยากรรายการนี้
  คอมเมนท์: พลังจิตรักษาโรค ..


 Copyright 2026. Bcnsprnw @Library